000 00449nam a2200193Ia 4500
003 OSt
005 20251211131323.0
008 250729s2005 xx 000 0 und d
040 _cAL
041 _aeng
082 _a930.7 THIT
100 _aThimmareddy K
_9226777
245 _aTeaching of history & Civics
260 _aGadag
_c2005
300 _a552p
650 _aHistory
_9226778
700 _aRao Digumurthi
_9226779
942 _2ddc
_cBED
999 _c237419
_d237419